[Event "Chateauroux op 15th"]
[Site "Chateauroux"]
[Date "2014.10.25"]
[Round "1"]
[White "Clement, Christian"]
[Black "Laudat, Philippe"]
[Result "0-1"]
[WhiteElo "1403"]
[BlackElo "1533"]
[PlyCount "62"]
[EventDate "2014.10.25"]
[EventType "swiss"]
[EventRounds "7"]
[EventCountry "FRA"]
[SourceTitle "EXT 2015"]
[Source "ChessBase"]
[SourceDate "2014.11.20"]
[SourceVersion "1"]
[SourceVersionDate "2014.11.20"]
[SourceQuality "1"]

1. e4 e5 2. Nf3 d6 3. Nc3 Nf6 4. h3 Be7 5. Bc4 0-0 6. 0-0 Nc6 7. a3 b6 8. d3 a5 9. Nd5 Nxd5 10. Bxd5 Bd7 11. Be3 Rb8 12. Qd2 Na7 13. b4 c6 14. Bb3 c5 15. c3 b5 16. bxc5 dxc5 17. Nxe5 Nc6 18. Nxd7 Qxd7 19. Bd5 b4 20. Bxc6 Qxc6 21. axb4 axb4 22. cxb4 cxb4 23. Rab1 b3 24. Bd4 Rfd8 25. Qe3 Qd6 26. Ba7 Rb7 27. Rfd1 b2 28. Rd2 Bf6 29. d4 Rxa7 30. e5 Bxe5 31. Qxe5 Qxe5 0-1

[Event "Cholet-D"]
[Site "Cholet"]
[Date "2012.02.20"]
[Round "3"]
[White "Coutolleau, Romain"]
[Black "Clement, Christian"]
[Result "1-0"]
[WhiteElo "1420"]
[BlackElo "1417"]
[PlyCount "67"]
[EventDate "2012.02.18"]
[EventType "swiss"]
[EventRounds "9"]
[EventCountry "FRA"]
[SourceTitle "EXT 2013"]
[Source "ChessBase"]
[SourceDate "2012.11.22"]
[SourceVersion "1"]
[SourceVersionDate "2012.11.22"]
[SourceQuality "1"]

1. d4 d5 2. c4 e6 3. e3 Nc6 4. Nf3 Nf6 5. Be2 Bb4+ 6. Bd2 0-0 7. Bxb4 Nxb4 8. a3 Nc6 9. 0-0 Re8 10. Nc3 Ne7 11. Re1 Ng6 12. Bd3 Ne7 13. Qc2 h6 14. h3 b6 15. cxd5 Nexd5 16. Ne5 Bb7 17. Bb5 Re7 18. Bc6 Rb8 19. Bxb7 Nxc3 20. Qxc3 Nd5 21. Bxd5 Qxd5 22. Nc6 Rbe8 23. Nxe7+ Rxe7 24. Rad1 f5 25. Qd3 Rf7 26. e4 fxe4 27. Qxe4 Qg5 28. Qxe6 Qf4 29. f3 Kh7 30. Qe4+ Qf5 31. Qxf5+ Rxf5 32. Re7 Ra5 33. Rxc7 a6 34. d5 1-0

[Event "Cholet-D"]
[Site "Cholet"]
[Date "2012.02.18"]
[Round "1"]
[White "Barre, Laurent"]
[Black "Clement, Christian"]
[Result "0-1"]
[WhiteElo "1428"]
[BlackElo "1417"]
[PlyCount "60"]
[EventDate "2012.02.18"]
[EventType "swiss"]
[EventRounds "9"]
[EventCountry "FRA"]
[SourceTitle "EXT 2013"]
[Source "ChessBase"]
[SourceDate "2012.11.22"]
[SourceVersion "1"]
[SourceVersionDate "2012.11.22"]
[SourceQuality "1"]

1. e4 e5 2. Nf3 Nc6 3. Nc3 Nf6 4. Bb5 Nd4 5. Nxe5 Nxb5 6. Nxb5 Nxe4 7. Qh5 g6 8. Qf3 Nf6 9. Qc3 c6 10. Na3 Nd5 11. Qf3 Qf6 12. Qe4 Be7 13. d4 0-0 14. Nac4 d6 15. Ng4 Bxg4 16. Qxg4 Qe6+ 17. Qxe6 fxe6 18. c3 Nf4 19. Bxf4 Rxf4 20. 0-0 d5 21. Rae1 dxc4 22. Rxe6 Kf7 23. Rfe1 Re8 24. g3 Rf6 25. R6e4 Kf8 26. f4 Rf7 27. g4 Rd8 28. Kg2 Bd6 29. d5 cxd5 30. Rd4 Bxf4 0-1

[Event "Angers op 5th"]
[Site "Angers"]
[Date "2010.04.24"]
[Round "3"]
[White "Clement, Christian"]
[Black "Nemety, Laszlo"]
[Result "0-1"]
[WhiteElo "1568"]
[BlackElo "2116"]
[PlyCount "58"]
[EventDate "2010.04.23"]
[EventType "swiss"]
[EventRounds "6"]
[EventCountry "FRA"]
[SourceTitle "EXT 2011"]
[Source "ChessBase"]
[SourceDate "2010.11.26"]
[SourceVersion "1"]
[SourceVersionDate "2010.11.26"]
[SourceQuality "1"]

1. e4 Nc6 2. Nf3 d6 3. d4 Nf6 4. Nc3 Bg4 5. Be2 e6 6. d5 Nb8 7. dxe6 fxe6 8. e5 Nfd7 9. Bg5 Be7 10. Bxe7 Qxe7 11. exd6 Qd8 12. Nb5 Na6 13. dxc7 Nxc7 14. Nd6+ Ke7 15. Nxb7 Qb8 16. Qd6+ Ke8 17. Nc5 Qb4+ 18. Nd2 Nxc5 19. Bxg4 Rd8 20. Qc6+ Rd7 21. c3 Nd3+ 22. Kd1 Qxg4+ 23. Kc2 Ne5 24. Qb7 Qe2 25. Rad1 Kf7 26. Qxa7 Nc4 27. Kc1 Nxd2 28. Rhe1 Qd3 29. Re3 Qb1# 0-1

[Event "Angers op 5th"]
[Site "Angers"]
[Date "2010.04.24"]
[Round "4"]
[White "Daniel, Jean Claude"]
[Black "Clement, Christian"]
[Result "1-0"]
[WhiteElo "1859"]
[BlackElo "1568"]
[PlyCount "91"]
[EventDate "2010.04.23"]
[EventType "swiss"]
[EventRounds "6"]
[EventCountry "FRA"]
[SourceTitle "EXT 2011"]
[Source "ChessBase"]
[SourceDate "2010.11.26"]
[SourceVersion "1"]
[SourceVersionDate "2010.11.26"]
[SourceQuality "1"]

1. d4 d5 2. e3 Nf6 3. Bd3 Nc6 4. f4 Bg4 5. Nf3 Ne4 6. 0-0 e6 7. c3 Be7 8. Qa4 Nd6 9. Ne5 b5 10. Bxb5 Nxb5 11. Qxb5 0-0 12. Nxc6 Qd6 13. Nxe7+ Qxe7 14. Nd2 Rab8 15. Qa4 c5 16. Nf3 f6 17. b3 Rfc8 18. Ba3 Qb7 19. Bxc5 a6 20. Rac1 Bh5 21. Qa3 Bg6 22. Rfd1 Be4 23. Nd2 Bd3 24. c4 dxc4 25. Nxc4 Qe4 26. Nd6 Qxe3+ 27. Kh1 Rd8 28. b4 Qxf4 29. Qxd3 Rxd6 30. Bxd6 Qxd6 31. a3 h6 32. Qc4 Rd8 33. Qc5 Qf4 34. Qb6 Rd6 35. Qc5 Rd8 36. Qc4 Rd6 37. Re1 Rxd4 38. Qxe6+ Kh7 39. Qxa6 Rd2 40. Qc4 Qf2 41. Qe4+ f5 42. Qf3 Qxf3 43. gxf3 Rd3 44. a4 Rxf3 45. a5 Ra3 46. Ra1 1-0

[Event "Bagnoles de l'Orne"]
[Site "Bagnoles de l'Orne"]
[Date "2009.06.01"]
[Round "5"]
[White "Fournel, Didier"]
[Black "Clement, Christian"]
[Result "1-0"]
[WhiteElo "1746"]
[BlackElo "1450"]
[PlyCount "67"]
[EventDate "2009.05.30"]
[EventType "swiss"]
[EventRounds "6"]
[EventCountry "FRA"]
[SourceTitle "CBM 130 Extra"]
[Source "ChessBase"]
[SourceDate "2009.07.02"]
[SourceVersion "2"]
[SourceVersionDate "2009.07.15"]
[SourceQuality "1"]

1. d4 d5 2. c4 dxc4 3. Nf3 Nf6 4. e3 e6 5. Bxc4 Bb4+ 6. Bd2 Bxd2+ 7. Qxd2 0-0 8. Nc3 Nc6 9. Qc2 Ng4 10. h3 Nf6 11. g3 h6 12. Rd1 Ne7 13. e4 Ng6 14. Qd2 c6 15. 0-0 Nh5 16. Ne2 Qc7 17. e5 Rd8 18. g4 f6 19. gxh5 Nxe5 20. Nxe5 fxe5 21. Qc3 exd4 22. Nxd4 Kh8 23. Nf3 Re8 24. Ne5 b5 25. Bb3 a5 26. Qg3 Qb7 27. Qg6 Qe7 28. Bc2 Qg5+ 29. Qxg5 hxg5 30. Nf7+ Kg8 31. Nxg5 e5 32. Rfe1 Ra7 33. Rxe5 Rae7 34. Rxe7 1-0

[Event "Bagnoles de l'Orne"]
[Site "Bagnoles de l'Orne"]
[Date "2009.05.30"]
[Round "2"]
[White "Andrieu, Philippe"]
[Black "Clement, Christian"]
[Result "1-0"]
[WhiteElo "1914"]
[BlackElo "1450"]
[PlyCount "55"]
[EventDate "2009.05.30"]
[EventType "swiss"]
[EventRounds "6"]
[EventCountry "FRA"]
[SourceTitle "CBM 130 Extra"]
[Source "ChessBase"]
[SourceDate "2009.07.02"]
[SourceVersion "2"]
[SourceVersionDate "2009.07.15"]
[SourceQuality "1"]

1. d4 d5 2. e4 dxe4 3. Bc4 Nf6 4. c3 e6 5. Bg5 Be7 6. Bxf6 Bxf6 7. Nd2 Nc6 8. Nxe4 0-0 9. Nf3 Bd7 10. 0-0 Re8 11. Re1 a6 12. a3 b5 13. Ba2 Na5 14. Qd3 Bc6 15. Nfd2 Bb7 16. Rad1 Bd5 17. Bb1 g6 18. Nxf6+ Qxf6 19. Ne4 Bxe4 20. Qxe4 Rad8 21. Re3 Rd5 22. Rf3 Qg7 23. Re1 Nc4 24. Qxd5 Qf8 25. Qg5 Nxb2 26. Rh3 Nc4 27. Re4 Qxa3 28. Qh6 1-0

[Event "Angers op 4th"]
[Site "Angers"]
[Date "2009.04.18"]
[Round "4"]
[White "Clement, Christian"]
[Black "Douville, Frederic"]
[Result "0-1"]
[WhiteElo "1499"]
[BlackElo "1690"]
[PlyCount "40"]
[EventDate "2009.04.17"]
[EventType "swiss"]
[EventRounds "6"]
[EventCountry "FRA"]
[SourceTitle "CBM 129 Extra"]
[Source "ChessBase"]
[SourceDate "2009.05.05"]
[SourceVersion "2"]
[SourceVersionDate "2009.05.20"]
[SourceQuality "1"]

1. e4 Nf6 2. Nc3 d5 3. exd5 Nxd5 4. Nxd5 Qxd5 5. Nf3 Bg4 6. Be2 e6 7. 0-0 Nc6 8. d3 Be7 9. Qd2 0-0 10. h3 Bxf3 11. Bxf3 Qd7 12. Bxc6 Qxc6 13. Re1 Rad8 14. Re4 Rd7 15. Qe3 Qxc2 16. Rc4 Qxd3 17. Qxd3 Rxd3 18. Rxc7 Rd1+ 19. Kh2 Bd6+ 20. g3 Bxc7 0-1